000 00860cam a22002654a 4500
001 13993633
005 20180131085950.0
008 050607s2005 ncu b 001 0 eng
010 _a 2005016369
020 _a1594601518 (pbk. : alk. paper)
035 _a(OCoLC)ocm60590115
040 _aDLC
_cDLC
_dOCLCQ
_dY42
_dBAKER
_dC#P
_dDLC
041 _aeng
042 _apcc
080 _a808.06634 RIC
082 0 0 _a808.06634 RIC
_222
100 1 _a14
101 _aJUR
245 1 0 _aPlain English for lawyers /
_cRichard C. Wydick.
504 _aIncludes bibliographical references and index.
906 _a7
_bcbc
_corignew
_d1
_eecip
_f20
_gy-gencatlg
942 _2ddc
_cBK
999 _c41409
_d41409